| 000 -LEADER |
| fixed length control field |
00560cam a22001814a 4500 |
| 020 ## - INTERNATIONAL STANDARD BOOK NUMBER |
| ISBN |
0072289821 (recycled, acidfree paper) |
| 040 ## - CATALOGING SOURCE |
| Transcribing agency |
DLC |
| 082 00 - DEWEY DECIMAL CLASSIFICATION NUMBER |
| Classification number |
616 HIL 2000 A049 Or. |
| 100 1# - MAIN ENTRY--AUTHOR NAME |
| Personal name |
Halgin, Richard P. |
| 245 10 - TITLE STATEMENT |
| Title |
Abnormal psychology : |
| Remainder of title |
clinical perspectives on psychological disorders / |
| 250 ## - EDITION STATEMENT |
| Edition statement |
3rd ed. |
| 260 ## - PUBLICATION, DISTRIBUTION, ETC. (IMPRINT) |
| Place of publication |
Boston : |
| Name of publisher |
McGraw-Hill, |
| Year of publication |
c2000. |
| 300 ## - PHYSICAL DESCRIPTION |
| Number of Pages |
xxiv, 536 p. : |
| Other physical details |
ill. (some col.) ; |
| Dimensions |
29 cm. |
| 650 #0 - SUBJECT ADDED ENTRY--TOPICAL TERM |
| Topical Term |
Psychology, Pathological. |
| 650 #0 - SUBJECT ADDED ENTRY--TOPICAL TERM |
| Topical Term |
Social psychology. |
| 700 1# - ADDED ENTRY--PERSONAL NAME |
| Personal name |
Whitbourne, Susan Krauss. |
| 942 ## - ADDED ENTRY ELEMENTS (KOHA) |
| Koha item type |
សៀវភៅភាសាអង់គ្លេស |
| 952 ## - LOCATION AND ITEM INFORMATION (KOHA) |
| Withdrawn status [LOCAL, KOHA] |
0 |